00255nam a2200097Ia 4500008004100000100002500041245002700066260003900093300000700132650001800139191201s2010 xx 000 0 und d aSHAKESPEARE, William 0aMerchant of Venice  bKalyani Navyug Media Pvt Ltdc2010 a76 aGeneral Books